000 00587nam a2200205Ia 4500
005 20250508151855.0
008 008 250505s9999 xx 000 0 eng d
037 _aTextual
040 _aFEDL
_beng
_cFEDL
041 _aeng
_2eng
084 _a364.3, BLO
_qFEDL
100 _aBloch Herbert A.
_9760236
245 0 _aDelinquency : The juvenile offender in America today
260 _aNew York, USA
_bRandom House
_c1956
300 _axix,612p.
650 _aEducation
700 _a Flynn Frank T.
_9760237
942 _cTEXL
_h364.3, BLO
999 _c1332635
_d1332635